Patrologia orientalis. (Record no. 184071)

MARC details
000 -LEADER
campo de control de longitud fija 01474nam a2200265 i 4500
001 - NÚMERO DE CONTROL
campo de control 184071
003 - IDENTIFICADOR DE NÚMERO DE CONTROL
campo de control ES-MaACL
005 - FECHA Y HORA DE LA ÚLTIMA TRANSACCIÓN
campo de control 20250817210532.0
008 - DATOS DE LONGITUD FIJA--INFORMACIÓN GENERAL
campo de control de longitud fija 150304s1923 fr |||| | fre d
080 ## - NÚMERO DE LA CLASIFICACIÓN DECIMAL UNIVERSAL
Número de la Clasificación Decimal Universal 281.5
245 00 - MENCIÓN DEL TÍTULO
Título Patrologia orientalis.
Número de parte o sección de la obra Tomus decimus septimus /
Mención de responsabilidad, etc. [édité par] R. Graffin et F. Nau.
260 ## - PUBLICACIÓN, DISTRIBUCIÓN, ETC.
Lugar de publicación, distribución, etc. Paris :
Nombre del editor, distribuidor, etc. Firmin-Didot et cie, éditeurs,
Fecha de publicación, distribución, etc. 1923.
300 ## - DESCRIPCIÓN FÍSICA
Extensión 857 p. ;
Dimensiones 28 cm.
505 8# - NOTA DE CONTENIDO CON FORMATO
Nota de contenido con formato Contiene: John of Ephesus : lives of the eastern Saints. I / syriac text edited and translated by E. W. Brooks. - 1923 ; Fasc. 1 Documents relatifs au Concile de Florence. II, Oeuvres anticonciliaires de Marc d'Éphese, documents VII-XXIV / textes édités et traduits par S. E. Mgr. Louis Petit,.... - 1923 ; Fasc. 2 Le synaxaire arabe jacobite (rédaction copte). V, Les mois de Baounah, Abib, Mesoré et jours complémentaires / texte arabe publié, traduit et annoté par René Basset,.... - 1923 ; Fasc. 3 Les miracles de Jésus / texte éthiopien publié et traduit par Sylvain Grébaut. - 1923
650 ## - PUNTO DE ACCESO ADICIONAL DE MATERIA--TÉRMINO DE MATERIA
Término de materia o nombre geográfico como elemento de entrada Patrística.
9 (RLIN) 15895
650 07 - PUNTO DE ACCESO ADICIONAL DE MATERIA--TÉRMINO DE MATERIA
Término de materia o nombre geográfico como elemento de entrada Literatura cristiana primitiva
Fuente del encabezamiento o término embne
9 (RLIN) 14529
700 1# - ENTRADA AGREGADA--NOMBRE PERSONAL
Nombre de persona Brooks, Ernest Walter,
Fechas asociadas al nombre 1863-1955
9 (RLIN) 156178
700 1# - ENTRADA AGREGADA--NOMBRE PERSONAL
Nombre de persona Petit, Louis (
Fechas asociadas al nombre 1868-1927)
9 (RLIN) 156467
700 0# - ENTRADA AGREGADA--NOMBRE PERSONAL
Nombre de persona Basset, René.
9 (RLIN) 26315
700 1# - ENTRADA AGREGADA--NOMBRE PERSONAL
Nombre de persona Grébaut, Sylvain.
9 (RLIN) 156167
700 1# - ENTRADA AGREGADA--NOMBRE PERSONAL
Nombre de persona Graffin, René,
Fechas asociadas al nombre 1858-1941
9 (RLIN) 156163
700 1# - ENTRADA AGREGADA--NOMBRE PERSONAL
Nombre de persona Nau, François.
9 (RLIN) 85006
852 ## - LOCALIZACIÓN
Ubicación ES-MaACL
Número de control de estantería G-706
Holdings
Estatus retirado Estado de pérdida Estado de daño No para préstamo Biblioteca de origen Biblioteca actual Ubicación en estantería Fecha de adquisición Fuente de adquisición Total de préstamos Signatura topográfica completa Código de barras Visto por última vez Precio de reemplazo Tipo de ítem Koha
        Biblioteca del Ateneo de Madrid Biblioteca del Ateneo de Madrid Depósito 2 04/03/2015     G-706 1193560 23/02/2023 23/02/2023 Libro impreso